| 000 | 00888nam a2200277 a 4500 | ||
|---|---|---|---|
| 001 | 000022911 | ||
| 005 | 20240705073646.0 | ||
| 008 | 101122s2001 pr r 000 f spa d | ||
| 020 | _a0865815577 | ||
| 040 |
_aDO-SdBNP _bspa _cBNPHU |
||
| 082 |
_aPR863.3 _bH831p, 2001 |
||
| 100 | 1 |
_aHostos, Eugenio María de, _d1839-1903 _91352 |
|
| 245 | 1 | 0 |
_aLa peregrinación de Bayoán / _cEugenio María de Hostos y Bonilla. |
| 250 | _a2a ed. | ||
| 260 |
_aSan Juan, Puerto Rico : _bInstituto de Cultura Puertorriqueña, _c2001. |
||
| 300 |
_a319 p. ; _c18 cm. |
||
| 490 | 1 | _aBiblioteca popular | |
| 490 | 1 | _aFenix | |
| 500 | _aEdición facsimilar | ||
| 650 | 4 |
_aNovela puertorriqueña _91185 |
|
| 650 | 4 |
_aLiteratura puertorriqueña _9250 |
|
| 650 | 4 |
_aNovela autobiográfica _947100 |
|
| 650 | 4 |
_aNovela epistolar _922611 |
|
| 830 | 0 |
_aBiblioteca popular _pFenix _947101 |
|
| 049 | _aBNGR | ||
| 999 |
_c22408 _d22408 |
||